|
|
|
|
| LEADER |
02339nam a2200469 4500 |
| 001 |
ocn941066745 |
| 003 |
OCoLC |
| 005 |
20180501122029.0 |
| 006 |
m o d |
| 007 |
cr un||||||||| |
| 008 |
160226s2016 xx o 000 0 eng d |
| 040 |
|
|
|a IDEBK
|b eng
|e pn
|c IDEBK
|d N$T
|d YDXCP
|d OPELS
|d N$T
|d EBLCP
|d CDX
|d UIU
|d OCLCF
|d OCLCQ
|d UWW
|d YDX
|d OCLCO
|d OCLCQ
|d UAB
|d OCLCO
|d MERUC
|d OCLCQ
|d GrThAP
|
| 019 |
|
|
|a 1029298690
|
| 020 |
|
|
|a 0128045744
|q (electronic bk.)
|
| 020 |
|
|
|a 9780128045749
|q (electronic bk.)
|
| 020 |
|
|
|a 0128045655
|
| 020 |
|
|
|a 9780128045657
|
| 035 |
|
|
|a (OCoLC)941066745
|z (OCoLC)1029298690
|
| 050 |
|
4 |
|a QP623
|
| 060 |
|
4 |
|a QU 58.7
|
| 072 |
|
7 |
|a SCI
|x 007000
|2 bisacsh
|
| 082 |
0 |
4 |
|a 572.8/8
|2 23
|
| 049 |
|
|
|a TEFA
|
| 245 |
0 |
0 |
|a Nanotechnology tools for the study of RNA /
|c edited by Satoko Yoshizawa.
|
| 260 |
|
|
|a [Place of publication not identified] :
|b Elsevier,
|c 2016.
|
| 300 |
|
|
|a 1 online resource.
|
| 336 |
|
|
|a text
|b txt
|2 rdacontent
|
| 337 |
|
|
|a computer
|b c
|2 rdamedia
|
| 338 |
|
|
|a online resource
|b cr
|2 rdacarrier
|
| 490 |
1 |
|
|a Progress in molecular biology and translational science ;
|v v. 139
|
| 588 |
0 |
|
|a Print version record.
|
| 505 |
0 |
|
|a Probing the translation dynamics of ribosomes using zero-mode waveguides / Albert Tsai, Joseph D. Puglisi, Sotaro Uemura -- 1 programmed ribosomal frameshifting as a force-dependent process / Koen Visscher -- Studies of RNA sequence and structure using nanopores / Robert Y. Henley, Spencer Carson, Meni Wanunu -- Photocontrolled intracellular RNA delivery using nanoparticles or Carrier-photosensitizer conjugates / Kazunori Watanabe, Takashi Ohysuki -- RNA study using DNA nanotechnology / Hisashi Tadakuma, Takeya Masubuchi, Takayu Ueda -- RNA and RNP as building blocks for nanotechnology and synthetic biology / Hirohisa Ohno, Hirohide Saito.
|
| 650 |
|
0 |
|a RNA.
|
| 650 |
|
0 |
|a Nanotechnology.
|
| 650 |
|
2 |
|a RNA.
|0 (DNLM)D012313
|
| 650 |
|
7 |
|a SCIENCE
|x Life Sciences
|x Biochemistry.
|2 bisacsh
|
| 650 |
|
7 |
|a Nanotechnology.
|2 fast
|0 (OCoLC)fst01032639
|
| 650 |
|
7 |
|a RNA.
|2 fast
|0 (OCoLC)fst01086244
|
| 655 |
|
4 |
|a Electronic books.
|
| 700 |
1 |
|
|a Yoshizawa, Satoko.
|
| 830 |
|
0 |
|a Progress in molecular biology and translational science ;
|v v. 139.
|
| 856 |
4 |
0 |
|u https://www.sciencedirect.com/science/bookseries/18771173/139
|z Full Text via HEAL-Link
|